Statistics for NFL Undrafted; Most Notable Players From Past 15 Years

Click here to take the quiz!

General Stats

  • This quiz has been taken 13 times
  • The average score is 6 of 15

Answer Stats

YearInitial NFL TeamCurrent/Most Recent NFL TeamPositionAnswer% Correct
2012Baltimore RavensBaltimore RavensKickerJustin Tucker
90%
2018New England PatriotsLos Angeles ChargersCornerbackJ. C. Jackson
80%
2019New England PatriotsLas Vegas RaidersWide ReceiverJakobi Meyers
70%
2013Minnesota VikingsCarolina PanthersWide ReceiverAdam Thielen
60%
2022New Orleans SaintsNew OrleansWide ReceiverRashid Shaheed
50%
2014Denver BroncosTampa Bay BuccaneersLinebacker/EdgeShaquil Barrett
50%
2015New England PatriotsNew England PatriotsCenterDavid Andrews
40%
2021Minnesota VikingsDetroit LionsKickerRiley Patterson
30%
2011Denver BroncosNew Orleans SaintsCornerbackChris Harris Jr
20%
2017New England PatriotsIndianapolis ColtsCornerbackKenny Moore
20%
2010Philadelphia EaglesBaltimore RavensOffensive TackleAlejandro Villanueva
10%
2016Los Angeles RamsHouston TexansLinebackerCory Littleton
10%
2008New York JetsBaltimore RavensRunning BackDanny Woodhead
10%
2009Seattle SeahawksDallas CowboysDefensive EndMichael Bennett
10%
2020Dallas CowboysDallas CowboysOffensive TackleTerence Steele
10%

Score Distribution

Percentile by Number Answered

Percent of People with Each Score

Your Score History

You have not taken this quiz